Kỹ thuật trồng, chăm sóc và phòng trừ bệnh cho hoa địa lan

Giới thiệu về các loài hoa địa lan. Kỹ thuật trồng, chăm sóc và phòng trừ bệnh cho hoa địa lan

محفوظ في:
التفاصيل البيبلوغرافية
التنسيق: كتاب
اللغة:Undetermined
منشور في: Hà Nội Hồng Đức 2016
الموضوعات:
الوسوم: إضافة وسم
لا توجد وسوم, كن أول من يضع وسما على هذه التسجيلة!
Thư viện lưu trữ: Trung tâm Học liệu Trường Đại học Cần Thơ
LEADER 00718nam a2200193Ia 4500
001 CTU_207387
008 210402s9999 xx 000 0 und d
020 |c 36000 
082 |a 635.9344 
082 |b K600 
245 0 |a Kỹ thuật trồng, chăm sóc và phòng trừ bệnh cho hoa địa lan 
245 0 |c Dương Phong (Tuyển chọn) 
260 |a Hà Nội 
260 |b Hồng Đức 
260 |c 2016 
520 |a Giới thiệu về các loài hoa địa lan. Kỹ thuật trồng, chăm sóc và phòng trừ bệnh cho hoa địa lan 
650 |a Trồng lan,Orchid culture 
904 |i Hải 
980 |a Trung tâm Học liệu Trường Đại học Cần Thơ